| 000 | 00539nam a2200181Ia 4500 | ||
|---|---|---|---|
| 008 | 090123s9999 xx 000 0 und d | ||
| 082 | _b2374 | ||
| 100 | _aपंडित तारा | ||
| 245 | _aगुणा आणि पारु | ||
| 250 | _a1 | ||
| 260 | _bकेसरी मुद्रणालय | ||
| 300 | _a112 | ||
| 600 | _aपंडित तारा | ||
| 630 | _aगुणा आणि पारु | ||
| 700 | _aपंडित तारा | ||
| 730 | _aगुणा आणि पारु | ||
| 942 | _cBOOK | ||
| 999 |
_c40458 _d40458 |
||